Nebezpečné látky v chladiacich a nemrznúcich zmesiach

Na minha lista:
Detalhes bibliográficos
Autor principal: Rischáneková, Andrea (Author)
Outros Autores: Bartošová, Alica (Thesis advisor)
Formato: Manuscrito Livro
Idioma:eslovaco
Publicado em: 2018
Assuntos:
Acesso em linha:http://is.stuba.sk/zp/portal_zp.pl?podrobnosti=138567
Tags: Adicionar Tag
Sem tags, seja o primeiro a adicionar uma tag!

MARC

LEADER 00000ntm a22000003a 4500
001 stuzp69494
003 SK-STU
005 20200520131731.3
007 ta
008 150427s2015----xo-----f-mn---000-0-slo-d
040 |a STU  |b slo 
041 0 |a slo 
100 1 |a Rischáneková, Andrea  |u 065000  |4 aut  |U MTF Materiálovotechnologická fakulta  |T MTF Ústav integrovanej bezpečnosti  |X 87953  |U M5000  |Y 85  |7 87953 
242 0 1 |a Dangerous substances in refrigeration and antifreeze mixtures  |y eng 
245 1 0 |a Nebezpečné látky v chladiacich a nemrznúcich zmesiach 
260 |c 2018 
650 4 |a nebezpečné látky  |2 slo 
650 4 |a chladiace látky  |2 slo 
650 4 |a nemrznúce látky  |2 slo 
650 4 |a etylénglykol  |2 slo 
650 4 |a hazardous substances  |2 eng 
650 4 |a refrigerants  |2 eng 
650 4 |a antifreezes  |2 eng 
650 4 |a ethylene glycol  |2 eng 
700 1 |a Bartošová, Alica  |u 065000  |k Z2  |4 ths  |U MTF Materiálovotechnologická fakulta  |T MTF Ústav integrovanej bezpečnosti  |X 37521  |U M5000  |Y 85  |7 37521 
856 4 |u http://is.stuba.sk/zp/portal_zp.pl?podrobnosti=138567 
996 |c M* DP-13816  |l MMSKP  |s P  |a 0  |w stuzp69494_0001